Statistics for All GTA Games

Click here to take the quiz!

General Stats

  • This quiz has been taken 194 times
  • The average score is 11 of 15

Answer Stats

Release YearAnswer% Correct
1997Grand Theft Auto
99%
1999Grand Theft Auto 2
99%
2001Grand Theft Auto III
99%
2013Grand Theft Auto V
99%
2008Grand Theft Auto IV
98%
2004Grand Theft Auto: San Andreas
95%
2002Grand Theft Auto: Vice City
93%
2005Grand Theft Auto: Liberty City Stories
69%
2006Grand Theft Auto: Vice City Stories
67%
2009Grand Theft Auto: Chinatown Wars
64%
2009Grand Theft Auto IV: The Ballad of Gay Tony
63%
2004Grand Theft Auto Advance
46%
2009Grand Theft Auto IV: The Lost and Damned
46%
1999Grand Theft Auto: London 1969
44%
1999Grand Theft Auto: London 1961
39%

Score Distribution

Percentile by Number Answered

Percent of People with Each Score

Your Score History

You have not taken this quiz